<?xml version="1.0" encoding="UTF-8"?>
<record
    xmlns:xsi="http://www.w3.org/2001/XMLSchema-instance"
    xsi:schemaLocation="http://www.loc.gov/MARC21/slim http://www.loc.gov/standards/marcxml/schema/MARC21slim.xsd"
    xmlns="http://www.loc.gov/MARC21/slim">

  <leader>00801nam a2200205Ia 4500</leader>
  <controlfield tag="001">14990</controlfield>
  <controlfield tag="003">GE_BSU</controlfield>
  <controlfield tag="008">181216s||||||||xx |||||||||||||| ||und||</controlfield>
  <datafield tag="040" ind1=" " ind2=" ">
    <subfield code="c">GE_BSU</subfield>
  </datafield>
  <datafield tag="080" ind1=" " ind2=" ">
    <subfield code="a">512.54</subfield>
  </datafield>
  <datafield tag="100" ind1=" " ind2=" ">
    <subfield code="a">&#x411;&#x443;&#x440;&#x431;&#x430;&#x43A;&#x438;,&#x41D;.</subfield>
  </datafield>
  <datafield tag="245" ind1=" " ind2=" ">
    <subfield code="a">&#x413;&#x440;&#x443;&#x43F;&#x43F;&#x44B; &#x438; &#x430;&#x43B;&#x433;&#x435;&#x431;&#x440;&#x44B; &#x41B;&#x438;. &#x41F;&#x43E;&#x434;&#x430;&#x43B;&#x433;&#x435;&#x431;&#x440;&#x44B; &#x41A;&#x430;&#x440;&#x442;&#x430;&#x43D;&#x430;, &#x420;&#x435;&#x433;&#x443;&#x43B;&#x44F;&#x440;&#x43D;&#x44B;&#x435; &#x44D;&#x43B;&#x435;&#x43C;&#x435;&#x43D;&#x442;&#x44B;,&#x440;&#x430;&#x441;&#x449;&#x435;&#x43F;&#x43B;&#x44F;&#x435;&#x43C;&#x44B;&#x435; &#x43F;&#x43E;&#x43B;&#x443;&#x43F;&#x440;&#x43E;&#x441;&#x442;&#x44B;&#x435; &#x430;&#x43B;&#x433;&#x435;&#x431;&#x440;&#x44B; &#x41B;&#x438;</subfield>
  </datafield>
  <datafield tag="245" ind1=" " ind2=" ">
    <subfield code="c">&#x41F;&#x43E;&#x434;.&#x440;&#x435;&#x434;.&#x410;.&#x418;.&#x41A;&#x43E;&#x441;&#x442;&#x440;&#x438;&#x43A;&#x438;&#x43D;&#x430;</subfield>
  </datafield>
  <datafield tag="260" ind1=" " ind2=" ">
    <subfield code="a">&#x41C;&#x43E;&#x441;&#x43A;&#x432;&#x430;</subfield>
  </datafield>
  <datafield tag="260" ind1=" " ind2=" ">
    <subfield code="b">&#x41C;&#x438;&#x440;</subfield>
  </datafield>
  <datafield tag="260" ind1=" " ind2=" ">
    <subfield code="c">1978</subfield>
  </datafield>
  <datafield tag="300" ind1=" " ind2=" ">
    <subfield code="a">342&#x441;&#x442;&#x440;.22&#x441;&#x43C;.</subfield>
  </datafield>
  <datafield tag="653" ind1=" " ind2=" ">
    <subfield code="a">&#x413;&#x440;&#x443;&#x43F;&#x43F;&#x44B; &#x438; &#x430;&#x43B;&#x433;&#x435;&#x431;&#x440;&#x44B; &#x41B;&#x438;. &#x41F;&#x43E;&#x434;&#x430;&#x43B;&#x433;&#x435;&#x431;&#x440;&#x44B; &#x41A;&#x430;&#x440;&#x442;&#x430;&#x43D;&#x430;, &#x420;&#x435;&#x433;&#x443;&#x43B;&#x44F;&#x440;&#x43D;&#x44B;&#x435; &#x44D;&#x43B;&#x435;&#x43C;&#x435;&#x43D;&#x442;&#x44B;,&#x440;&#x430;&#x441;&#x449;&#x435;&#x43F;&#x43B;&#x44F;&#x435;&#x43C;&#x44B;&#x435; &#x43F;&#x43E;&#x43B;&#x443;&#x43F;&#x440;&#x43E;&#x441;&#x442;&#x44B;&#x435; &#x430;&#x43B;&#x433;&#x435;&#x431;&#x440;&#x44B; &#x41B;&#x438;</subfield>
  </datafield>
  <datafield tag="942" ind1=" " ind2=" ">
    <subfield code="c">BK</subfield>
  </datafield>
  <datafield tag="999" ind1=" " ind2=" ">
    <subfield code="c">48109</subfield>
    <subfield code="d">48109</subfield>
  </datafield>
  <datafield tag="952" ind1=" " ind2=" ">
    <subfield code="0">0</subfield>
    <subfield code="1">0</subfield>
    <subfield code="4">0</subfield>
    <subfield code="7">0</subfield>
    <subfield code="9">62992</subfield>
    <subfield code="d">2018-12-17</subfield>
    <subfield code="p">15707</subfield>
    <subfield code="r">2018-12-17</subfield>
    <subfield code="w">2018-12-17</subfield>
    <subfield code="y">BK</subfield>
  </datafield>
  <datafield tag="952" ind1=" " ind2=" ">
    <subfield code="0">0</subfield>
    <subfield code="1">0</subfield>
    <subfield code="4">0</subfield>
    <subfield code="7">0</subfield>
    <subfield code="9">62993</subfield>
    <subfield code="d">2018-12-17</subfield>
    <subfield code="p">16635</subfield>
    <subfield code="r">2018-12-17</subfield>
    <subfield code="w">2018-12-17</subfield>
    <subfield code="y">BK</subfield>
  </datafield>
</record>
